| 000 | 00568 a2200169 4500 | ||
|---|---|---|---|
| 999 |
_c3027 _d3027 |
||
| 020 | _a9781444178821 | ||
| 050 | _aLB 1139.2 WOR 2013 | ||
| 100 |
_aWhalley, Margy _eEditor |
||
| 245 |
_aWorking with families : _bin children's centers and early years settings / _cMargy Whalley, Cath Arnold and Robert Orr |
||
| 264 |
_aLondon: _bHodder Education, _c2013 |
||
| 300 |
_axii, 240p. : _bill. (col.) |
||
| 500 | _aIncludes index | ||
| 650 | _aEarly childhood education | ||
| 700 |
_aArnold, Cath _eEditor |
||
| 700 |
_aOrr, Robert _eEditor |
||
| 942 |
_2lcc _cBK _h1139.2 _iWOR _kLB |
||